| 000 | 01285nam a2200253Ia 4500 | ||
|---|---|---|---|
| 003 | PE SENCICO BE | ||
| 005 | 20251020182439.0 | ||
| 008 | 200515s9999 xx 000 0 und d | ||
| 040 |
_aPE SENCICO BE _cPE SENCICO BE |
||
| 041 | _aspa | ||
| 082 |
_a526.9 _bT41 |
||
| 100 | 1 |
_aTernryd, Carl-Olof _93256 _eautor |
|
| 245 | 0 |
_aTopografía y fotogrametría en la práctica moderna / _cCarl - Olof Ternryd, Eliz Lundin |
|
| 250 | _a1a ed. | ||
| 260 |
_aMéxico, D.F. : _bCompañía editorial Continental ; _c1974 |
||
| 300 |
_a205 páginas : _bilustraciones, tablas, gráficos, mapas ; _c31 cm. |
||
| 505 | 0 | _aPlanimetría -- Altimetría -- Levantamiento de detalles -- Estacamiento de una línea a partir de una poligonal -- Fotogrametría -- La fotogrametría aplicada al proyecto de carreteras | |
| 520 | 3 | _aLos autores exponen, en forma clara y simplificada, la teoría y la aplicación de los más modernos instrumentos, de acuerdo con la experiencia internacional en Geodesia (Ciencia que trata de la determinación de la forma, tamaño y masa de la tierra) Fotogrametría y en el proyecto de obras de ingeniería civil. | |
| 650 | 1 | 0 |
_aTopografía _94 |
| 650 | 2 | 0 |
_aFotogrametría _9120 |
| 650 | 2 | 0 |
_aGeodesia _92 |
| 700 | 1 |
_93257 _aLundin, Eliz _eautor |
|
| 942 |
_cLIB _2ddc |
||
| 999 |
_c498 _d498 |
||